000 00995nam a2200313 i 4500
001 bg
003 KOSZ 005
005 20200514121003.0
008 070620s1969 pl a f f 000 0 pol
015 _aPB 1969/2236
040 _aWA N
_cKOSZ 005/RW
_dKOSZ 005/RW
041 1 _apol
_hrus
080 _a669.017
080 _a(07)
100 1 _aGulâev, Aleksandr Pavlovič.
245 1 0 _aMetaloznawstwo /
_cA. P. Gulajew ; [tł. Szczepan Chodkowski].
246 1 _iTyt. oryg.:
_aMetallovedenie.
250 _aWyd. 4.
260 _aKatowice :
_bŚląsk,
_c1969.
300 _a599 s., [1] k. tabl. :
_bil. ;
_c25 cm.
380 _aKsiążki
504 _aBibliogr. przy rozdz.
655 4 _aPodręcznik
650 4 _aMetaloznawstwo
710 2 _aWydawnictwo "Śląsk"
_4pbl.
700 1 _aChodkowski, Szczepan
_eTłumaczenie
856 _uhttp://koha.tu.koszalin.pl/cgi-bin/koha/opac-detail.pl?biblionumber=7827
_yKatalog online BPK
942 _2UKD
_cKS
999 _c7827
_d7827